00741nam a2200181 a 450000100100000000500170001000800410002704000250006810000280009324500660012126000510018730000210023850000210025959000750028004900090035595201780036499900170054200003315120200930070048.0110818s1962 dr 000 0 spa d aDO-SdBNPbspacBNPHU1 aCordero, Armando93662910aPanorama de la filosofia en Santo Domingo /cArmando Cordero. aSanto Domingo :bEditorial la Nación,c1962. a277 p. ;c26 cm. aIncluye índice aPerteneció a la biblioteca personal de Juan Isidro Jimenes Grullón aBNPD 001050718RVaPDbPDcHDd2011-08-18iLF1l0o p33151-10r2020-06-25w2020-06-25y1zPerteneció a la biblioteca personal de Juan Isidro Jimenez Grullón.ZNo se presta c32642d32642